000 01249nmm a2200361 a 4500
001 ocm0001917019
003 TR-IsHL
005 20201028173057.0
008 180912s2018 tu tur
007 cr cn
020 _a9786052015612
035 _a1917019
_b
050 0 4 _aBP173.7
_b.Z37 2017
090 0 4 _aBP173.7
_b.Z37 2017
100 1 _aZariç, Sami
245 1 0 _aTürkiye'de laiklik ve Ak Parti'nin laiklik anlayışı
_h[electronic resource] /
_cSami Zariç
260 _aİstanbul :
_bHiperlink Yayınları,
_c2018
300 _a176 p.
500 _aKaynakça var.
_x
650 4 _aFelsefe, Psikoloji ve Din
650 4 _aPhilosophy, Psychology and Religion
650 0 _aLaiklik
650 0 _aLaicism
650 0 _aİslam ve politika
_x Türkiye
650 0 _aIslam and politics
_x Turkey
650 0 _aİslam ve politika
_x Tarih
650 0 _aIslam and politics
_x History
650 0 _aİslam ve politika
_x 21. Yüzyıl
650 0 _aAdalet ve Kalkınma partisi (Türkiye)
650 0 _aIslam and politics
_x 21th century
650 7 _aPOLITICAL SCIENCE / Political Ideologies / General
_2bisacsh
856 4 0 _uhttp://search.ebscohost.com/login.aspx?direct=true&scope=site&db=e011xww&AN=1917019
999 _c17519
_d17519